| 000 -LEADER |
| fixed length control field |
00490cam a22001577a 4500 |
| 008 - FIXED-LENGTH DATA ELEMENTS--GENERAL INFORMATION |
| fixed length control field |
180718b2010 xxu||||| |||| 00| 0 eng d |
| 020 ## - INTERNATIONAL STANDARD BOOK NUMBER |
| International Standard Book Number |
9780199590148 |
| 082 ## - DEWEY DECIMAL CLASSIFICATION NUMBER |
| Classification number |
J7 B356 |
| 245 ## - TITLE STATEMENT |
| Title |
Urbanization and development:multidisciplinary perspectives |
| Statement of responsibility, etc. |
edited by Jo, Beall, |
| 260 ## - PUBLICATION, DISTRIBUTION, ETC. |
| Place of publication, distribution, etc. |
New York |
| Name of publisher, distributor, etc. |
Oxford |
| Date of publication, distribution, etc. |
2010 |
| 300 ## - PHYSICAL DESCRIPTION |
| Extent |
327p. |
| 650 ## - SUBJECT ADDED ENTRY--TOPICAL TERM |
| Topical term or geographic name entry element |
Urbanization -- Economic aspects -- Developing countries |
| 700 ## - ADDED ENTRY--PERSONAL NAME |
| Personal name |
Kanbur, Ravi |
| 700 ## - ADDED ENTRY--PERSONAL NAME |
| Personal name |
Guha-Khasnobis, Basudeb |
| 700 ## - ADDED ENTRY--PERSONAL NAME |
| Personal name |
Beall, Jo |